[Event "Ilkley EJCOA 3rd"]
[Site "Ilkley"]
[Date "2022.02.26"]
[Round "6"]
[White "Camacho Collados, Jose"]
[Black "Ashton, Adam"]
[Result "1/2-1/2"]
[WhiteElo "2400"]
[BlackElo "2379"]
[PlyCount "283"]
[EventDate "2022.02.23"]
[EventType "tourn"]
[EventRounds "9"]
[EventCountry "ENG"]
[EventCategory "4"]
[SourceTitle "CBM 207 Extra"]
[Source "ChessBase"]
[SourceDate "2022.05.31"]
[SourceVersion "1"]
[SourceVersionDate "2022.05.31"]
[SourceQuality "1"]

1. Nf3 d5 2. g3 Nf6 3. Bg2 e6 4. 0-0 Be7 5. d3 0-0 6. Nbd2 Nc6 7. e4 dxe4 8. dxe4 e5 9. Nc4 Qxd1 10. Rxd1 Nxe4 11. Nfxe5 Nxe5 12. Nxe5 Nd6 13. a4 a5 14. Bf4 Bf5 15. Re1 Rfe8 16. c4 g5 17. Bd2 Bf6 18. Bc3 Bxe5 19. Bxe5 Nxc4 20. Bxb7 Rab8 21. Bc3 Re6 22. Bf3 h6 23. g4 Rxe1+ 24. Rxe1 Be6 25. Kg2 Nb6 26. Bxa5 Nxa4 27. b4 Nb6 28. h4 gxh4 29. Re5 Nc4 30. Rc5 Nxa5 31. bxa5 Rb4 32. a6 Ra4 33. Bb7 Bxg4 34. Rxc7 Be2 35. Rc6 Kg7 36. Rd6 Ra3 37. Kh2 Ra4 38. f4 Bxa6 39. Rxa6 Rxf4 40. Kh3 Kh7 41. Bc8 Kg7 42. Bg4 Kh7 43. Bh5 Kg7 44. Kg2 Kh7 45. Bf3 Kg7 46. Kf2 Rb4 47. Ke3 Rc4 48. Bd5 Rc7 49. Kf4 Rd7 50. Be4 Re7 51. Ra5 Re6 52. Rh5 Rf6+ 53. Bf5 Rb6 54. Rxh4 Rb4+ 55. Be4 Rb5 56. Rh1 Rg5 57. Ra1 Rb5 58. Ra7 Rc5 59. Rd7 Rc1 60. Ke5 Rf1 61. Rd2 Kf8 62. Bf5 Ra1 63. Be4 Rf1 64. Rh2 Kg7 65. Rg2+ Kf8 66. Bh7 Ra1 67. Rg8+ Ke7 68. Be4 Ra5+ 69. Bd5 f6+ 70. Ke4 Ra4+ 71. Ke3 Kd6 72. Be4 Ke5 73. Re8+ Kd6 74. Kf4 h5 75. Rf8 Ke7 76. Rh8 Ra5 77. Rc8 Ke6 78. Rc6+ Ke7 79. Bf5 Ra4+ 80. Kg3 h4+ 81. Kf3 Ra5 82. Kg4 Ra4+ 83. Kh5 Rf4 84. Kg6 Rf3 85. Re6+ Kd8 86. Kxf6 Kc7 87. Ke5 h3 88. Be4 Re3 89. Rc6+ Kd7 90. Rh6 h2 91. Rxh2 Re1 92. Rh7+ Kd8 93. Kd5 Ke8 94. Bf5 Re7 95. Rh1 Kf7 96. Rh6 Re1 97. Be4 Ra1 98. Ke5 Re1 99. Ra6 Re2 100. Ra7+ Ke8 101. Kd5 Kf8 102. Bf5 Re7 103. Ra1 Kf7 104. Rf1 Kg7 105. Be6 Ra7 106. Ke5 Ra5+ 107. Bd5 Kg6 108. Rg1+ Kh5 109. Ke4 Kh6 110. Bf7 Rg5 111. Rf1 Kg7 112. Bd5 Kg6 113. Rf8 Kg7 114. Rb8 Kf6 115. Rb6+ Ke7 116. Be6 Rg1 117. Bh3 Re1+ 118. Kf5 Kd7 119. Bg2 Kc7 120. Ra6 Kd7 121. Be4 Rf1+ 122. Ke5 Re1 123. Ra7+ Ke8 124. Kd4 Kf8 125. Kd5 Re2 126. Ra1 Ke7 127. Rf1 Rd2+ 128. Ke5 Re2 129. Rh1 Re3 130. Rh7+ Ke8 131. Kd4 Re1 132. Bd5 Kf8 133. Rf7+ Ke8 134. Kc5 Re5 135. Ra7 Re7 136. Ra8+ Kd7 137. Rb8 Kc7 138. Rb6 Kd8 139. Be6 Rc7+ 140. Kd6 Rd7+ 141. Ke5 Rd2 142. Bd5 1/2-1/2

[Event "Ilkley EJCOA 3rd"]
[Site "Ilkley"]
[Date "2022.02.24"]
[Round "2"]
[White "Urh, Zala"]
[Black "Ashton, Adam"]
[Result "1/2-1/2"]
[WhiteElo "2307"]
[BlackElo "2379"]
[PlyCount "96"]
[EventDate "2022.02.23"]
[EventType "tourn"]
[EventRounds "9"]
[EventCountry "ENG"]
[EventCategory "4"]
[SourceTitle "CBM 207 Extra"]
[Source "ChessBase"]
[SourceDate "2022.05.31"]
[SourceVersion "1"]
[SourceVersionDate "2022.05.31"]
[SourceQuality "1"]

1. d4 d5 2. c4 e6 3. Nc3 Nf6 4. cxd5 exd5 5. Bg5 c6 6. e3 Be7 7. Bd3 Nbd7 8. Nge2 0-0 9. 0-0 Re8 10. Qc2 Nf8 11. f3 g6 12. Bh4 Ne6 13. Rad1 b5 14. Bf2 b4 15. Na4 Bb7 16. h3 Qa5 17. e4 Rac8 18. Rc1 Nd7 19. Qb3 c5 20. exd5 Nxd4 21. Nxd4 cxd4 22. Rxc8 Rxc8 23. Bxd4 Bxd5 24. Qd1 Bf6 25. Bxf6 Nxf6 26. b3 Bc6 27. Qa1 Nh5 28. Rc1 Qg5 29. Bf1 Bd7 30. Rxc8+ Bxc8 31. Qd4 Bxh3 32. Qc5 Qg3 33. Qxa7 Nf4 34. Qf2 Qg5 35. Kh2 Bf5 36. Nc5 h5 37. g3 Nd5 38. Bc4 Ne3 39. Be2 Bb1 40. Nd3 Bxd3 41. Bxd3 Nd1 42. Qe1 Nc3 43. Bc4 Qf6 44. Qf2 Kg7 45. Kg2 Qf5 46. Qd4+ Qf6 47. Qf2 Qe5 48. Qa7 Qf6 1/2-1/2

[Event "BCF-chT 2122 (4NCL)"]
[Site "England"]
[Date "2022.02.12"]
[Round "3.55"]
[White "Ashton, Adam"]
[Black "Dargan, Paul AG"]
[Result "1-0"]
[WhiteElo "2379"]
[BlackElo "2041"]
[PlyCount "85"]
[EventDate "2021.11.27"]
[EventType "team-swiss"]
[EventRounds "11"]
[EventCountry "ENG"]
[SourceTitle "EXT 2023"]
[Source "ChessBase"]
[SourceDate "2022.10.05"]
[SourceVersion "1"]
[SourceVersionDate "2022.10.05"]
[SourceQuality "1"]
[WhiteTeam "Chessable White Rose"]
[BlackTeam "North East England"]
[WhiteTeamCountry "ENG"]
[BlackTeamCountry "ENG"]

1. e4 d5 2. exd5 Qxd5 3. Nf3 Bg4 4. Be2 Nc6 5. h3 Bxf3 6. Bxf3 Qe6+ 7. Qe2 Nd4 8. Qxe6 Nxf3+ 9. gxf3 fxe6 10. d4 g6 11. Nc3 Nh6 12. Bf4 Bg7 13. 0-0-0 0-0 14. Bxc7 Rxf3 15. Ne4 Nf5 16. Be5 Nd6 17. Nxd6 exd6 18. Bxd6 Rd8 19. Bg3 Rxd4 20. c3 Rd5 21. Rhe1 Kf7 22. Re4 Bh6+ 23. Kc2 Rxd1 24. Kxd1 Rd3+ 25. Kc2 Rd2+ 26. Kb3 Bg5 27. Rc4 Rd7 28. a4 h5 29. a5 Bd8 30. Ka4 g5 31. Bb8 b5+ 32. Kxb5 Rb7+ 33. Ka6 Rxb8 34. b4 Bf6 35. Kxa7 Rd8 36. b5 Rd7+ 37. Ka6 Rd3 38. b6 Bxc3 39. Rc7+ Kf6 40. b7 Bxa5 41. Kxa5 Rb3 42. Ka6 Rxh3 43. Rc5 1-0

[Event "GBR-ch 106th"]
[Site "Torquay"]
[Date "2019.08.04"]
[Round "9"]
[White "Ashton, Adam"]
[Black "Ward, Christopher"]
[Result "1/2-1/2"]
[WhiteElo "2323"]
[BlackElo "2418"]
[PlyCount "51"]
[EventDate "2019.07.27"]
[EventType "swiss"]
[EventRounds "9"]
[EventCountry "ENG"]
[SourceTitle "CBM 191 Extra"]
[Source "ChessBase"]
[SourceDate "2019.09.30"]
[SourceVersion "1"]
[SourceVersionDate "2019.09.30"]
[SourceQuality "1"]

1. e4 c5 2. Nf3 g6 3. c4 Nc6 4. d4 cxd4 5. Nxd4 Nf6 6. Nc3 d6 7. Be2 Nxd4 8. Qxd4 Bg7 9. Bg5 0-0 10. Qd2 a5 11. 0-0 a4 12. Rab1 Be6 13. f3 Qa5 14. Rfc1 Rfc8 15. b4 axb3 16. axb3 Qb4 17. Rc2 Ra3 18. Nb5 Qxd2 19. Rxd2 Ra5 20. Be3 Rca8 21. Nc7 Ra1 22. Rxa1 Rxa1+ 23. Rd1 Ra2 24. Rd2 Ra1+ 25. Rd1 Ra2 26. Rd2 1/2-1/2